L'empire égyptien sous Mohamed-Ali et la question d'Orient (1811-1849) : Égypte--Arabie--Soudan--Morée--Crète--Syrie--Palestine ...

محفوظ في:

المؤلف الرئيسي: Ṣabrī, Muḥammad, 1894-1978. (مؤلف)

مؤلفون آخرون: Muḥammad ʻAlī Bāshā, Governor of Egypt, 1769-1849.

التنسيق: كتاب

اللغة: French

منشور في: Paris : Librairie orientaliste, P. Geuthner, 1930.

الموضوعات:

الوسوم: إضافة وسم

لا توجد وسوم, كن أول من يضع وسما على هذه التسجيلة!

رقم الطلب: DT104 .S2 1930

LEADER 01232namaa2200277 4500
001 24542
003 OSt
005 20220305075837.0
008 130303s1930 fr g b 000 0 fre d
952 |0 0  |1 0  |2 lcc  |4 0  |6 DT0104 S2 01930  |7 1  |9 38112  |a ARCE  |b ARCE  |d 2022-03-05  |l 0  |o DT104 .S2 1930  |p 1001970  |r 2022-03-05 00:00:00  |w 2022-03-05  |y BK 
999 |c 22810  |d 22810 
010 |a 33002687 
040 |c ARCE Library 
050 4 |a DT104 .S2 1930 
100 1 |6 880-01  |a Ṣabrī, Muḥammad,   |d 1894-1978.  |e author 
245 1 2 |a L'empire égyptien sous Mohamed-Ali et la question d'Orient (1811-1849) :   |b Égypte--Arabie--Soudan--Morée--Crète--Syrie--Palestine ... 
264 1 |a Paris :   |b Librairie orientaliste, P. Geuthner,   |c 1930. 
300 |a 605 pages ;   |c 26 cm. 
500 |a "Cette édition originale a été tirée sur papier vélin Alfax des papeteries Navarre. Tous les exemplaires sont numérotés en chiffres arabes de l à 2000. No. 431." 
500 |a At head of title: M. Sabry. 
504 |a Bibliography at end of most chapters. 
650 0 |a Eastern question. 
651 0 |a Egypt  |x History  |y Mohammed Ali, 1805-1849. 
700 0 |a Muḥammad ʻAlī Bāshā,   |c Governor of Egypt,   |d 1769-1849. 
901 |a reviewed 
942 |c BK  |2 lcc